<?xml version="1.0" encoding="UTF-8"?>
<record
    xmlns:xsi="http://www.w3.org/2001/XMLSchema-instance"
    xsi:schemaLocation="http://www.loc.gov/MARC21/slim http://www.loc.gov/standards/marcxml/schema/MARC21slim.xsd"
    xmlns="http://www.loc.gov/MARC21/slim">

  <leader>04336cam a22003978i 4500</leader>
  <datafield tag="999" ind1=" " ind2=" ">
    <subfield code="c">79515</subfield>
    <subfield code="d">316792</subfield>
  </datafield>
  <controlfield tag="001">21154083</controlfield>
  <controlfield tag="003">OSt</controlfield>
  <controlfield tag="005">20210306165146.0</controlfield>
  <controlfield tag="008">190826s2021    pau      b    001 0 eng  </controlfield>
  <datafield tag="010" ind1=" " ind2=" ">
    <subfield code="a">  2019037497</subfield>
  </datafield>
  <datafield tag="020" ind1=" " ind2=" ">
    <subfield code="a">9781975121327</subfield>
    <subfield code="q">(hardcover)</subfield>
  </datafield>
  <datafield tag="040" ind1=" " ind2=" ">
    <subfield code="a">DNLM/DLC</subfield>
    <subfield code="b">eng</subfield>
    <subfield code="e">rda</subfield>
    <subfield code="c">DLC</subfield>
  </datafield>
  <datafield tag="042" ind1=" " ind2=" ">
    <subfield code="a">pcc</subfield>
  </datafield>
  <datafield tag="050" ind1="0" ind2="0">
    <subfield code="a">RM701</subfield>
  </datafield>
  <datafield tag="060" ind1="1" ind2="0">
    <subfield code="a">WB 460</subfield>
  </datafield>
  <datafield tag="082" ind1="0" ind2="0">
    <subfield code="a">615.82</subfield>
    <subfield code="2">23</subfield>
    <subfield code="b">KKT</subfield>
  </datafield>
  <datafield tag="100" ind1="1" ind2=" ">
    <subfield code="a">Knight, Kenneth L.</subfield>
    <subfield code="e">author.</subfield>
    <subfield code="9">88704</subfield>
  </datafield>
  <datafield tag="245" ind1="1" ind2="0">
    <subfield code="a">Therapeutic modalities :</subfield>
    <subfield code="b">the art and science /</subfield>
    <subfield code="c">David O. Draper, Lisa S. Jutte, Kenneth L. Knight.</subfield>
  </datafield>
  <datafield tag="250" ind1=" " ind2=" ">
    <subfield code="a">Third edition.</subfield>
  </datafield>
  <datafield tag="263" ind1=" " ind2=" ">
    <subfield code="a">1912</subfield>
  </datafield>
  <datafield tag="264" ind1=" " ind2="1">
    <subfield code="a">Philadelphia :</subfield>
    <subfield code="b">Wolters Kluwer,</subfield>
    <subfield code="c">[2021]</subfield>
  </datafield>
  <datafield tag="300" ind1=" " ind2=" ">
    <subfield code="a">pages cm</subfield>
  </datafield>
  <datafield tag="500" ind1=" " ind2=" ">
    <subfield code="a">Kenneth L. Knight was the first named author on the previous edition.</subfield>
  </datafield>
  <datafield tag="504" ind1=" " ind2=" ">
    <subfield code="a">Includes bibliographical references and index.</subfield>
  </datafield>
  <datafield tag="505" ind1="0" ind2=" ">
    <subfield code="a">THERAPEUTIC MODALITIES : WHAT THEY ARE AND WHY THEY ARE USED -- EVIDENCE-BASED PRACTICE -- GENERAL APPLICATION PROCEDURES -- INJURY RECORD KEEPING -- TISSUE RESPONSE TO INJURY : INFLAMMATION, SWELLING AND EDEMA -- IMMEDIATE CARE OF ACUTE AND ORTHOPEDIC INJURIES -- THE HEALING PROCESS -- UNDERSTANDING PAIN AND ITS RELATIONSHIP TO INJURY -- RELIEVING ORTHOPEDIC INJURY PAIN -- PRINCIPLES OF HEAT FOR THERMOTHERAPY -- SUPERFICIAL THERMOTHERAPY APPLICATION -- CRYOTHERAPY BEYOND IMMEDIATE CARE -- CRYOTHERAPY APPLICATION FOR POST-IMMEDIATE CARE -- THERAPEUTIC ULTRASOUND -- DIATHERMY -- PRINCIPLES OF ELECTRICITY FOR ELECTROTHERAPY -- APPLICATION PROCEDURES : ELECTROTHERAPY -- THERAPEUTIC SPORTS MASSAGE -- SPINAL TRACTION -- POSITIONAL RELEASE THERAPY -- PHOTOBIOMODULATION (LASER AND LIGHT THERAPY) -- NITROGEN VAPOR CRYOTHERAPY -- BIO-ELECTRO-MAGNETIC-ENERGY-REGULATION (BEMER) -- DIFFERENTIAL APPLICATION OF THERAPEUTIC MODALITIES -- CASE STUDIES USING THERAPEUTIC MODALITIES.</subfield>
  </datafield>
  <datafield tag="520" ind1=" " ind2=" ">
    <subfield code="a">"Knight and Draper's Therapeutic Modalities is the modalities text that combines both evidence-based medicine with anecdotal tradition and experience - hence the Art and Science. While Draper and Knight are widely known and respected researchers (commonly referred to as Dr. Cold and Dr. Heat, respectively to indicate they modality they research) they acknowledge there are often instances where there is simply not enough research to base use on scientific fact. In those cases practitioners are required to rely on experience and tradition. Beyond the Art and Science elements, what makes this book unique is how it applicable beyond the Athletic Training market. The market leader, Starkey/Therapeutic Modalities (FA Davis) sells only into the AT market. However, like Clarkson's Musculoskeletal Assessment, Draper and Knight also sells into PT and OT markets (one of the Amazon reviewers is a PT student). This is possible because the book introduces the most common therapeutic modalities used by all rehab specialists - athletic trainers, physical therapists, chiropractors and occupational therapists - not just athletic trainers. The foundational chapters lay the groundwork for using therapeutic modalities, specifically Evidence-based practice, Inflammation, swelling and edema, the healing process and understanding pain across all rehab specialties. Same goes for the modalities found in the treatment section of the book. Nitrogen vapor cryotherapy, BEMER, and Positional Release Therapy are not AT-specific therapies and are not found in any of the AT-only texts. Throughout the text the authors utilize a pedagogy that supports a kinesthetic learning style. Strategy was implemented because the core rehabs disciplines attract those type of kinesthetic (hands-on) learners. Thus we include several case studies and hands-on, step-by-step chapters and labs to cover the kinesthetic learners. For example, after each chapter on a modality (or several modalities) there is a section that illustrates that step-by-step procedure for using the modality"--</subfield>
  </datafield>
  <datafield tag="650" ind1="1" ind2="2">
    <subfield code="a">Physical Therapy Modalities</subfield>
    <subfield code="9">88705</subfield>
  </datafield>
  <datafield tag="650" ind1="2" ind2="2">
    <subfield code="a">Orthopedic Procedures</subfield>
    <subfield code="x">methods</subfield>
    <subfield code="9">56096</subfield>
  </datafield>
  <datafield tag="650" ind1="2" ind2="2">
    <subfield code="a">Hyperthermia, Induced</subfield>
    <subfield code="x">methods</subfield>
    <subfield code="9">88706</subfield>
  </datafield>
  <datafield tag="650" ind1="2" ind2="2">
    <subfield code="a">Electric Stimulation Therapy</subfield>
    <subfield code="9">38248</subfield>
  </datafield>
  <datafield tag="700" ind1="1" ind2=" ">
    <subfield code="a">Draper, David O.,</subfield>
    <subfield code="e">author.</subfield>
    <subfield code="9">88707</subfield>
  </datafield>
  <datafield tag="700" ind1="1" ind2=" ">
    <subfield code="a">Jutte, Lisa S.,</subfield>
    <subfield code="e">author.</subfield>
    <subfield code="9">88708</subfield>
  </datafield>
  <datafield tag="906" ind1=" " ind2=" ">
    <subfield code="a">7</subfield>
    <subfield code="b">cbc</subfield>
    <subfield code="c">orignew</subfield>
    <subfield code="d">1</subfield>
    <subfield code="e">ecip</subfield>
    <subfield code="f">20</subfield>
    <subfield code="g">y-gencatlg</subfield>
  </datafield>
  <datafield tag="942" ind1=" " ind2=" ">
    <subfield code="2">ddc</subfield>
    <subfield code="c">BOOK</subfield>
  </datafield>
  <datafield tag="952" ind1=" " ind2=" ">
    <subfield code="1">0</subfield>
    <subfield code="2">2021-03-06</subfield>
    <subfield code="4">0</subfield>
    <subfield code="7">0</subfield>
    <subfield code="a">615.82 KKT</subfield>
    <subfield code="d">2021-03-06</subfield>
    <subfield code="h">CL</subfield>
    <subfield code="i">00167982</subfield>
    <subfield code="m">CL</subfield>
    <subfield code="r">2021-03-06 00:00:00</subfield>
    <subfield code="t">BOOK</subfield>
    <subfield code="w">ddc</subfield>
    <subfield code="y">0</subfield>
  </datafield>
  <datafield tag="952" ind1=" " ind2=" ">
    <subfield code="1">0</subfield>
    <subfield code="2">2021-03-06</subfield>
    <subfield code="4">0</subfield>
    <subfield code="7">0</subfield>
    <subfield code="a">615.82 KKT</subfield>
    <subfield code="d">2021-03-06</subfield>
    <subfield code="h">CL</subfield>
    <subfield code="i">00167983</subfield>
    <subfield code="m">CL</subfield>
    <subfield code="r">2021-03-06 00:00:00</subfield>
    <subfield code="t">BOOK</subfield>
    <subfield code="w">ddc</subfield>
    <subfield code="y">0</subfield>
  </datafield>
  <datafield tag="952" ind1=" " ind2=" ">
    <subfield code="1">0</subfield>
    <subfield code="2">2021-03-06</subfield>
    <subfield code="4">0</subfield>
    <subfield code="7">0</subfield>
    <subfield code="a">615.82 KKT</subfield>
    <subfield code="d">2021-03-06</subfield>
    <subfield code="h">CL</subfield>
    <subfield code="i">00167984</subfield>
    <subfield code="m">CL</subfield>
    <subfield code="r">2021-03-06 00:00:00</subfield>
    <subfield code="t">BOOK</subfield>
    <subfield code="w">ddc</subfield>
    <subfield code="y">0</subfield>
  </datafield>
</record>
